WINNING AND WORKING VOL- I (Record no. 5417)

MARC details
000 -LEADER
fixed length control field 00332nam a22001457a 4500
005 - DATE AND TIME OF LATEST TRANSACTION
control field 20210907104054.0
008 - FIXED-LENGTH DATA ELEMENTS--GENERAL INFORMATION
fixed length control field 170403b xxu||||| |||| 00| 0 eng d
041 ## - LANGUAGE CODE
Language code of text/sound track or separate title eng
100 ## - MAIN ENTRY--AUTHOR NAME
Personal name GHATAK,S
245 ## - TITLE STATEMENT
Title WINNING AND WORKING VOL- I
250 ## - EDITION STATEMENT
Edition statement 2nd
260 ## - PUBLICATION, DISTRIBUTION, ETC. (IMPRINT)
Name of publisher COAL FIELDS PUBLISHER
Year of publication 1995
300 ## - PHYSICAL DESCRIPTION
Number of Pages 456
942 ## - ADDED ENTRY ELEMENTS (KOHA)
Koha item type Books
Holdings
Lost status Damaged status Collection code Home library Current library Shelving location Date acquired Source of acquisition Cost, normal purchase price Accession Number Koha item type
    MINING JRU Library JRU Library SHELF-94-F 10/11/2023 PURCHASE 250.00 21617 Books
    Reference JRU Library   SHELF-6-B 31/08/2020 PURCHASE 250.00 21618 Books
    MINING JRU Library JRU Library SHELF-94-F 10/11/2023 PURCHASE 250.00 21619 Books